000
00218nam a2200097Ia 4500
008
190216s9999||||xx |||||||||||||| ||und||
100
_a
K T Mohammed
245
0
_a
Kafar
260
_b
Addison-Wesley Pbl: Co:
942
_c
BK
999
_c
23746
_d
23746